000 00447nam a22001577a 4500
999 _c40924
_d40924
003 OSt
005 20210119133245.0
008 210119b ||||| |||| 00| 0 eng d
040 _coclc
082 _a892.7
_bMUS/A
100 _aMusthafa, Nasif
245 _aAl Arabiya Lil Hayath Vol - 2 /
_cNasif Musthafa
260 _aRiyadh:
_bKing Saud University,
300 _a440p
942 _cBK
_2ddc
_h892.7
_iMUS/A
_k892.7
_mMUS/A